Practical Programming (Record no. 2708)

000 -LEADER
fixed length control field 00816nam a2200265Ia 4500
007 - PHYSICAL DESCRIPTION FIXED FIELD--GENERAL INFORMATION
fixed length control field ta
008 - FIXED-LENGTH DATA ELEMENTS--GENERAL INFORMATION
fixed length control field 230321t2019||||ii a ||gd|||||||1 ||eng||
020 ## - INTERNATIONAL STANDARD BOOK NUMBER
International Standard Book Number 9789352136810
Terms of availability Rs. 675.00
040 ## - CATALOGING SOURCE
Original cataloging agency IMU Kochi Library
Language of cataloging eng
041 0# - LANGUAGE CODE
Language code of text/sound track or separate title eng
044 ## - COUNTRY OF PUBLISHING/PRODUCING ENTITY CODE
MARC country code India
082 04 - DEWEY DECIMAL CLASSIFICATION NUMBER
Edition number 23
Classification number 005.133
Item number G873
100 1# - MAIN ENTRY--PERSONAL NAME
Personal name Gries, Paul
245 10 - TITLE STATEMENT
Title Practical Programming
Sub Title : an introduction to computer science using python 3.6 /
250 ## - EDITION STATEMENT
Edition statement 3rd ed.
260 ## - PUBLICATION, DISTRIBUTION, ETC. (IMPRINT)
Place of publication, distribution, etc Mumbai:
Name of publisher, distributor, etc Shroff Publishers and Distributors Pvt Ltd,
Date of publication, distribution, etc 2019
300 ## - PHYSICAL DESCRIPTION
Extent xv, 383 p. :
Other physical details ill. ;
Dimensions 23 cm.
650 #0 - SUBJECT ADDED ENTRY--TOPICAL TERM
Topical term or geographic name as entry element Computer programming
650 #0 - SUBJECT ADDED ENTRY--TOPICAL TERM
Topical term or geographic name as entry element Programming languages (Electronic computers)
700 ## - ADDED ENTRY--PERSONAL NAME
Personal name Campbell, Jennifer
Relator term Joint Author
700 ## - ADDED ENTRY--PERSONAL NAME
Personal name Montojo, Jason
Relator term Joint Author
852 ## - LOCATION/CALL NUMBER
Location IMU Kochi Library
904 ## - LOCAL DATA ELEMENT D, LDD (RLIN)
CATALOGER Akhil Bose
942 ## - ADDED ENTRY ELEMENTS (KOHA)
Item type Books
Holdings
Withdrawn status Lost status Source of classification or shelving scheme Damaged status Not for loan Collection code Permanent location Current location Shelving location Date acquired Source of acquisition Cost, normal purchase price Full call number Barcode Date last seen Koha item type Public note
          Computer Science IMU Kochi Library IMU Kochi Library General Stacks 2023-03-21 M/S Allied publishers pvt ltd (Inv. No. HO/IN/466 Dt. 2023-02-01) 675.00 005.133 G873 BK006087 2023-06-19 Books Gen. Shelf-1, Row-5
          Computer Science IMU Kochi Library IMU Kochi Library General Stacks 2023-03-21 M/S Allied publishers pvt ltd (Inv. No. HO/IN/466 Dt. 2023-02-01) 675.00 005.133 G873 BK006088 2023-06-19 Books Gen. Shelf-1, Row-5


Copyright © All Rights Reserved by Indian Maritime University, Kochi Campus.
For any Suggestions/Query Contact to library or Email: library.kochi@imu.ac.in Ph:(0484)-2989402
(Web OPAC Designed by Rudra Ranjan. Maintained by IMU Kochi Library)

Powered by Koha